Statistiques concernant Les animaux de dessin animé

Cliquez ici pour prendre le quiz!

Statistiques générales

  • Ce quiz a été pris 3 440 fois
  • Le résultat moyen est 8 sur 14

Statistiques - réponses

HintRéponse% Correct
BalooOurs
97%
RobinRenard
86%
BernardSouris
86%
KaaSerpent
85%
OliverChat
79%
TimonSuricate
63%
MannyMammouth
59%
SébastienCrabe
58%
PascalCaméléon
57%
TantorElephant
48%
ArchimèdeHibou
42%
Jiminy CricketGrillon
28%
TiltFourmi
25%
RhinoHamster
11%

Distribution des résultats

Percentile par nombre de réponses

% des personnes avec chaque résultat

Votre développement - résultats

Vous n’avez pas pris ce quiz